Statistics for Nationalities of Musicians

Click here to take the quiz!

General Stats

  • This quiz has been taken 66 times
  • The average score is 8 of 12

Answer Stats

ArtistCountry% Correct
Machine Gun KellyUSA
93%
DrakeCanada
89%
David GuettaFrance
80%
ShakiraColombia
79%
RihannaBarbados
77%
HozierIreland
77%
Camila CabelloCuba
73%
Hilltop HoodsAustralia
52%
Milky ChanceGermany
38%
No WyldNew Zealand
38%
Luis FonsiPuerto Rico
32%
Neil DiamondScotland
30%

Score Distribution

Percentile by Number Answered

Percent of People with Each Score

Your Score History

You have not taken this quiz